[Event "Tashkent UzChess Challengers 2nd"]
[Site "Tashkent"]
[Date "2025.06.25"]
[Round "7"]
[White "Ivanchuk, Vassily"]
[Black "Ma, Qun"]
[Result "1/2-1/2"]
[WhiteElo "2634"]
[BlackElo "2630"]
[PlyCount "174"]
[EventDate "2025.06.18"]
[EventType "tourn"]
[EventRounds "9"]
[EventCountry "UZB"]
[EventCategory "13"]
[SourceTitle "CB27_2025"]
[SourceDate "2025.07.02"]
[SourceVersion "1"]
[SourceVersionDate "2025.07.02"]
[SourceQuality "1"]

1. f4 d5 2. Nf3 Bg4 3. e3 Nf6 4. h3 Bxf3 5. Qxf3 e6 6. d3 Nc6 7. g4 Nb4 8. Rh2 c5 9. e4 h6 10. Na3 Be7 11. Bd2 a6 12. c3 Nc6 13. Nc2 d4 14. 0-0-0 e5 15. g5 Nd7 16. gxh6 Rxh6 17. Rg2 Bf6 18. f5 Rh7 19. c4 b5 20. Kb1 Nb6 21. Ka1 Nc8 22. Na3 Nd6 23. Rc1 Qb6 24. Be1 Kd7 25. Rg4 Rah8 26. Qd1 b4 27. Nb1 Rh5 28. Nd2 Bg5 29. Rb1 Ne8 30. Nf3 Bf4 31. h4 Ke7 32. Bh3 Kf8 33. Qe2 Be3 34. Rg2 Bf4 35. Bf2 b3 36. a3 Nb4 37. Rh1 Nc2+ 38. Kb1 R5h6 39. Bg3 Bxg3 40. Rxg3 Qc7 41. Rhg1 Qe7 42. Qd2 Qc7 43. Rg5 Ne3 44. Qh2 a5 45. Qg3 a4 46. Rxg7 Nxg7 47. Qxg7+ Ke8 48. Nxe5 Qe7 49. Nf3 f6 50. Qg3 Kd7 51. e5 Kc6 52. e6 Qc7 53. Qe1 Kb6 54. Nxd4 cxd4 55. Qb4+ Ka7 56. Qxa4+ Kb8 57. Qb4+ Kc8 58. Bg2 Nxg2 59. Rxg2 Qb7 60. Qc5+ Kb8 61. Rg1 Rxh4 62. Rc1 Rh1 63. Qxd4 Rxc1+ 64. Kxc1 Rh1+ 65. Kd2 Rh2+ 66. Ke3 Qc7 67. Qxf6 Qg3+ 68. Kd4 Qd6+ 69. Kc3 Rc2+ 70. Kxb3 Qxd3+ 71. Ka4 Rxc4+ 72. b4 Qd1+ 73. Ka5 Qd5+ 74. Ka4 Qc6+ 75. Ka5 Re4 76. Qf8+ Kb7 77. Qf7+ Qc7+ 78. Qxc7+ Kxc7 79. Ka6 Re5 80. a4 Rxf5 81. Ka7 Re5 82. b5 Rxe6 83. a5 Kc8 84. b6 Re7+ 85. Ka8 Rb7 86. a6 Rxb6 87. a7 Rb7 1/2-1/2

[Event "FRA-chT Top 16 Haute"]
[Site "Belfort"]
[Date "2025.05.30"]
[Round "2.2"]
[White "Sochacki, Christophe"]
[Black "Ivanchuk, Vassily"]
[Result "0-1"]
[WhiteElo "2458"]
[BlackElo "2644"]
[PlyCount "130"]
[EventDate "2025.05.29"]
[EventType "team-tourn"]
[EventRounds "4"]
[EventCountry "FRA"]
[SourceTitle "CB23_2025"]
[SourceDate "2025.06.04"]
[SourceVersion "1"]
[SourceVersionDate "2025.06.04"]
[SourceQuality "1"]
[WhiteTeam "Grasse Echecs"]
[BlackTeam "Chartres"]
[WhiteTeamCountry "FRA"]
[BlackTeamCountry "FRA"]

1. e4 c5 2. Nc3 Nc6 3. Nf3 Nf6 4. Bb5 g6 5. e5 Ng4 6. Bxc6 dxc6 7. h3 Nh6 8. d3 Nf5 9. 0-0 Bg7 10. Ne4 b6 11. Re1 0-0 12. c3 Ba6 13. d4 cxd4 14. g4 Nh6 15. Qxd4 c5 16. Qa4 Qd3 17. Bg5 Nxg4 18. hxg4 Qxf3 19. Qxa6 Qxg4+ 20. Kf1 Qh3+ 21. Ke2 Qg4+ 22. f3 Qg2+ 23. Ke3 Bxe5 24. Qe2 Qh3 25. Rh1 Qf5 26. Bh6 Rfd8 27. Rag1 Rd5 28. Rd1 e6 29. Kf2 Rad8 30. Bg5 f6 31. Be3 g5 32. Kg2 g4 33. Rxd5 Rxd5 34. Bc1 h5 35. fxg4 Qxg4+ 36. Kf2 Kf7 37. Qxg4 hxg4 38. Rh7+ Kg6 39. Rxa7 f5 40. Nd2 Bf4 41. Ke2 g3 42. Ra8 Kf7 43. Ra7+ Kg6 44. Ra8 Kg7 45. Ra7+ Kh6 46. c4 Rd8 47. Re7 g2 48. Rxe6+ Kh5 49. Nf3 Bxc1 50. Kf2 Rg8 51. Re5 Kg4 52. Kxg2 Bxb2 53. Re6 Kf4+ 54. Kf2 Ra8 55. Rh6 Bf6 56. Rxf6 Rxa2+ 57. Kf1 Kxf3 58. Rxf5+ Ke3 59. Rd5 Rc2 60. Rd6 Rc1+ 61. Kg2 Rxc4 62. Rxb6 Rf4 63. Rc6 Kd4 64. Kg3 Rf1 65. Kg2 Rf5 0-1

[Event "Sigeman & Co 30th"]
[Site "Malmo"]
[Date "2025.05.25"]
[Round "6"]
[White "Rapport, Richard"]
[Black "Ivanchuk, Vassily"]
[Result "1-0"]
[WhiteElo "2722"]
[BlackElo "2644"]
[PlyCount "49"]
[EventDate "2025.05.20"]
[EventType "tourn"]
[EventRounds "7"]
[EventCountry "SWE"]
[EventCategory "16"]
[SourceTitle "CB22_2025"]
[SourceDate "2025.05.28"]
[SourceVersion "1"]
[SourceVersionDate "2025.05.28"]
[SourceQuality "1"]

1. d4 Nf6 2. Bf4 c6 3. Nc3 Qa5 4. a3 d6 5. b4 Qc7 6. e4 e5 7. Bg3 Be7 8. Nf3 Nbd7 9. h3 a5 10. Bd3 exd4 11. Nxd4 axb4 12. axb4 Rxa1 13. Qxa1 Ne5 14. 0-0 Qb6 15. Na4 Qa7 16. b5 Nh5 17. b6 Qb8 18. Bh2 g5 19. Nc5 Bxh3 20. gxh3 dxc5 21. Bxe5 Qxe5 22. Nxc6 Qxa1 23. Rxa1 Kd7 24. Na5 Ra8 25. Bb5+ 1-0

[Event "Sigeman & Co 30th"]
[Site "Malmo"]
[Date "2025.05.24"]
[Round "5"]
[White "Ivanchuk, Vassily"]
[Black "Erdogmus, Yagiz Kaan"]
[Result "1-0"]
[WhiteElo "2644"]
[BlackElo "2618"]
[PlyCount "87"]
[EventDate "2025.05.20"]
[EventType "tourn"]
[EventRounds "7"]
[EventCountry "SWE"]
[EventCategory "16"]
[SourceTitle "CB22_2025"]
[SourceDate "2025.05.28"]
[SourceVersion "1"]
[SourceVersionDate "2025.05.28"]
[SourceQuality "1"]

1. c4 e5 2. g3 Nf6 3. Bg2 c6 4. d4 Bb4+ 5. Bd2 Bxd2+ 6. Qxd2 d6 7. e4 0-0 8. Ne2 b5 9. 0-0 Nbd7 10. Na3 Qb6 11. b4 a5 12. cxb5 cxb5 13. Rfb1 Bb7 14. bxa5 Qxa5 15. Qxa5 Rxa5 16. Rxb5 Ra7 17. Nc2 Bxe4 18. Bxe4 Nxe4 19. a4 Rc8 20. Nb4 g6 21. a5 Rc4 22. dxe5 dxe5 23. a6 Nec5 24. Ra3 Kg7 25. Kg2 e4 26. Nf4 Ne5 27. Nfd5 Nf3 28. Ra1 Nd4 29. Rb6 Nc2 30. Nxc2 Rxc2 31. Rc6 Nb3 32. Rxc2 Nxa1 33. Rc6 Nb3 34. Nb4 Kf8 35. Rc8+ Kg7 36. Rc3 Na5 37. Kf1 Kf6 38. Rc5 Nb3 39. Rc7 Ra8 40. a7 Ke6 41. Nc2 Na5 42. Nd4+ Kd5 43. Nb5 f5 44. Rb7 1-0

[Event "Menorca op-A 4th"]
[Site "Ciutadella"]
[Date "2025.04.22"]
[Round "1"]
[White "Campins Machado, Francesc"]
[Black "Ivanchuk, Vassily"]
[Result "0-1"]
[WhiteElo "2171"]
[BlackElo "2604"]
[PlyCount "76"]
[EventDate "2025.04.22"]
[EventType "swiss"]
[EventRounds "9"]
[EventCountry "ESP"]
[SourceTitle "CB18_2025"]
[SourceDate "2025.04.30"]
[SourceVersion "1"]
[SourceVersionDate "2025.04.30"]
[SourceQuality "1"]

1. d4 f5 2. g3 Nf6 3. Bg2 g6 4. c4 Bg7 5. Nc3 d6 6. Nf3 0-0 7. 0-0 c6 8. d5 e5 9. dxe6 Bxe6 10. b3 Na6 11. Bb2 Qe7 12. e3 Rad8 13. Nd4 Bf7 14. Qe2 Ne4 15. Rad1 Rfe8 16. Rfe1 Nac5 17. Qc2 a5 18. a3 Qc7 19. Rb1 h5 20. h4 Nf6 21. Nf3 Nfe4 22. b4 Bxc3 23. Bxc3 Nxc3 24. Qxc3 Ne4 25. Qc2 Ra8 26. Rb2 axb4 27. axb4 Ra3 28. b5 Rc3 29. Qb1 c5 30. b6 Qe7 31. Nd2 Nxg3 32. fxg3 Rxe3 33. Rxe3 Qxe3+ 34. Kh2 f4 35. Nf1 fxg3+ 36. Nxg3 Qf4 37. Bxb7 Re3 38. Qg1 Qxh4+ 0-1

[Event "San Vicente op 9th"]
[Site "San Vicente"]
[Date "2025.04.20"]
[Round "7"]
[White "Mamedov, Edgar"]
[Black "Ivanchuk, Vassily"]
[Result "1/2-1/2"]
[WhiteElo "2453"]
[BlackElo "2604"]
[PlyCount "125"]
[EventDate "2025.04.16"]
[EventType "swiss"]
[EventRounds "9"]
[EventCountry "ESP"]
[SourceTitle "CB17_2025"]
[SourceDate "2025.04.23"]
[SourceVersion "1"]
[SourceVersionDate "2025.04.23"]
[SourceQuality "1"]

1. d4 d5 2. c4 dxc4 3. e4 Nf6 4. e5 Nd5 5. Bxc4 Bf5 6. Nf3 e6 7. 0-0 Be7 8. Nc3 c6 9. h3 0-0 10. Bd3 Na6 11. Bxf5 exf5 12. Qb3 Rb8 13. Nxd5 Qxd5 14. Qxd5 cxd5 15. Bd2 Nc7 16. g4 fxg4 17. hxg4 Ne6 18. Be3 Rbe8 19. Rac1 f5 20. exf6 Bxf6 21. Rc2 h6 22. Rd1 a6 23. Rd3 Rc8 24. Rdc3 Rxc3 25. Rxc3 Rf7 26. Kg2 Rc7 27. Rxc7 Nxc7 28. Ne1 Kf7 29. f4 Nb5 30. Nf3 Nd6 31. Kh3 g6 32. g5 Nf5 33. Bf2 Bg7 34. gxh6 Nxh6 35. Kg2 Ke6 36. Ne1 Nf5 37. Nc2 Bf6 38. Kf3 Bd8 39. Bg1 Bb6 40. Bf2 Bd8 41. Bg1 Ba5 42. Bf2 Bd2 43. Kg4 Kf6 44. Kf3 Bc1 45. b3 Bd2 46. Bg1 Nh4+ 47. Kg3 Nf5+ 48. Kf3 Ng7 49. Be3 Bc3 50. Bf2 Ne6 51. Bh4+ Kf7 52. Bf2 Bd2 53. Be3 Ba5 54. Bf2 Bc7 55. Bg3 Bd8 56. Kg4 Bf6 57. Bf2 Ng7 58. Nb4 Ke6 59. Nd3 Kd7 60. Nc5+ Kc6 61. Nd3 Kd7 62. Nc5+ Kc6 63. Nd3 1/2-1/2

[Event "San Vicente op 9th"]
[Site "San Vicente"]
[Date "2025.04.19"]
[Round "6"]
[White "Ivanchuk, Vassily"]
[Black "Espinosa Aranda, Angel"]
[Result "1-0"]
[WhiteElo "2604"]
[BlackElo "2418"]
[PlyCount "63"]
[EventDate "2025.04.16"]
[EventType "swiss"]
[EventRounds "9"]
[EventCountry "ESP"]
[SourceTitle "CB17_2025"]
[SourceDate "2025.04.23"]
[SourceVersion "1"]
[SourceVersionDate "2025.04.23"]
[SourceQuality "1"]

1. e4 e6 2. d4 d5 3. e5 c5 4. c3 Qb6 5. Nf3 Bd7 6. a3 cxd4 7. cxd4 Bb5 8. Bxb5+ Qxb5 9. Nc3 Qa6 10. b4 Nd7 11. b5 Qa5 12. Bd2 Qd8 13. Na4 Ne7 14. Rc1 Ng6 15. h4 h5 16. Qb3 Ne7 17. 0-0 Nf5 18. g3 Be7 19. Bb4 0-0 20. Bxe7 Nxe7 21. Nc5 Rb8 22. Ng5 Nxc5 23. Rxc5 Nf5 24. Rfc1 Nxd4 25. Qd3 Nf5 26. Rc7 d4 27. f3 Qd5 28. R1c5 Qa2 29. g4 f6 30. exf6 gxf6 31. gxf5 fxg5 32. f6 1-0

[Event "San Vicente op 9th"]
[Site "San Vicente"]
[Date "2025.04.18"]
[Round "4"]
[White "Ivanchuk, Vassily"]
[Black "Oro, Faustino"]
[Result "1/2-1/2"]
[WhiteElo "2604"]
[BlackElo "2423"]
[PlyCount "49"]
[EventDate "2025.04.16"]
[EventType "swiss"]
[EventRounds "9"]
[EventCountry "ESP"]
[SourceTitle "CB17_2025"]
[SourceDate "2025.04.23"]
[SourceVersion "1"]
[SourceVersionDate "2025.04.23"]
[SourceQuality "1"]

1. e4 c6 2. d4 d5 3. exd5 cxd5 4. c4 Nf6 5. Nc3 Nc6 6. Nf3 a6 7. Be2 dxc4 8. d5 Na5 9. 0-0 e6 10. dxe6 Bxe6 11. Nd4 Bd7 12. Qc2 Bc5 13. Nf5 0-0 14. Bg5 Qb6 15. Rad1 Rad8 16. Bf3 Bxf5 17. Qxf5 Rxd1 18. Rxd1 Bxf2+ 19. Kh1 Qc5 20. Qf4 Qb6 21. Qf5 Qc5 22. Qf4 Qb6 23. Rd6 Re8 24. h4 Qe3 25. Qxe3 1/2-1/2

[Event "Reykjavik op"]
[Site "Reykjavik"]
[Date "2025.04.14"]
[Round "8"]
[White "Muradli, Mahammad"]
[Black "Ivanchuk, Vassily"]
[Result "1/2-1/2"]
[WhiteElo "2588"]
[BlackElo "2604"]
[PlyCount "116"]
[EventDate "2025.04.09"]
[EventType "swiss"]
[EventRounds "9"]
[EventCountry "ISL"]
[SourceTitle "CB17_2025"]
[SourceDate "2025.04.23"]
[SourceVersion "1"]
[SourceVersionDate "2025.04.23"]
[SourceQuality "1"]

1. d4 Nf6 2. c4 e6 3. Nf3 d5 4. Nc3 Bb4 5. Qa4+ Nc6 6. a3 Bxc3+ 7. bxc3 Bd7 8. cxd5 exd5 9. Bg5 h6 10. Bxf6 Qxf6 11. e3 0-0 12. Bd3 Bg4 13. Nd2 Bf5 14. Be2 a6 15. Qb3 Qd6 16. 0-0 b5 17. a4 Na5 18. Qb4 Nc4 19. Qxd6 cxd6 20. Ra2 Nxd2 21. Rxd2 bxa4 22. Ra2 Rfb8 23. Rxa4 Rb2 24. Bf3 Rc8 25. Ra3 Bd3 26. Rc1 Bc4 27. g4 Rc6 28. Ra5 Rb5 29. Rxb5 axb5 30. Ra1 Kf8 31. Ra7 Bb3 32. Ra5 Bc4 33. h4 g5 34. h5 Ke7 35. Kg2 Rc8 36. Kg3 Ke6 37. Bg2 Bd3 38. Ra3 Rc4 39. f4 Ra4 40. f5+ Kf6 41. Rb3 Bc4 42. Rb1 Ra3 43. Bf1 Rxc3 44. Kf3 b4 45. Bxc4 Rxc4 46. Ra1 Rc7 47. Ke2 Ke7 48. Kd2 Kd7 49. Ra6 b3 50. Rb6 Rc2+ 51. Kd3 Rb2 52. Kc3 Rg2 53. Rxb3 Rxg4 54. Rb7+ Ke8 55. f6 Re4 56. Kd3 Re6 57. Rb8+ Kd7 58. Rb7+ Ke8 1/2-1/2

[Event "Reykjavik op"]
[Site "Reykjavik"]
[Date "2025.04.12"]
[Round "5"]
[White "Ivanchuk, Vassily"]
[Black "Hagner, Bennet"]
[Result "1-0"]
[WhiteElo "2604"]
[BlackElo "2430"]
[PlyCount "75"]
[EventDate "2025.04.09"]
[EventType "swiss"]
[EventRounds "9"]
[EventCountry "ISL"]
[SourceTitle "CB17_2025"]
[SourceDate "2025.04.23"]
[SourceVersion "1"]
[SourceVersionDate "2025.04.23"]
[SourceQuality "1"]

1. c4 Nf6 2. Nc3 e5 3. e3 Nc6 4. Nf3 d5 5. cxd5 Nxd5 6. Qc2 Nxc3 7. bxc3 Bd6 8. Be2 0-0 9. 0-0 Re8 10. d4 h6 11. Bb2 a5 12. Rad1 Qe7 13. Nd2 a4 14. Bf3 Bd7 15. Nc4 a3 16. Ba1 e4 17. Be2 b5 18. Nxd6 cxd6 19. c4 bxc4 20. d5 Na5 21. Rb1 Qg5 22. Rfd1 Bh3 23. g3 Re7 24. Rb6 Qg6 25. Rdb1 Raa7 26. Bd4 Kh7 27. R6b5 Bd7 28. Rb8 Ra6 29. R1b6 Ra7 30. h4 Bg4 31. Bf1 Rab7 32. Qc3 Rxb8 33. Rxb8 Nb7 34. Qxa3 Qf5 35. Qa8 Nc5 36. Rh8+ Kg6 37. Qf8 Re5 38. Qxd6+ 1-0

[Event "EU-ch 25th"]
[Site "Eforie Nord"]
[Date "2025.03.25"]
[Round "10"]
[White "Ivanchuk, Vassily"]
[Black "Horvath, Dominik"]
[Result "1-0"]
[WhiteElo "2604"]
[BlackElo "2538"]
[PlyCount "41"]
[EventDate "2025.03.15"]
[EventType "swiss"]
[EventRounds "11"]
[EventCountry "ROU"]
[SourceTitle "CB13_2025"]
[SourceDate "2025.03.26"]
[SourceVersion "1"]
[SourceVersionDate "2025.03.26"]
[SourceQuality "1"]

1. e4 c5 2. Nf3 e6 3. g3 d5 4. d3 Ne7 5. Nbd2 g6 6. Bg2 Bg7 7. 0-0 0-0 8. Re1 Nbc6 9. c3 b6 10. e5 Ba6 11. Nf1 Nf5 12. Bg5 Qd7 13. g4 Nh6 14. Qa4 Nxe5 15. Qxa6 Nhxg4 16. N1d2 Nxf3+ 17. Nxf3 f6 18. Bd2 e5 19. c4 d4 20. b4 Qf5 21. Re4 1-0

[Event "EU-ch 25th"]
[Site "Eforie Nord"]
[Date "2025.03.18"]
[Round "4"]
[White "Ivanchuk, Vassily"]
[Black "Heberla, Bartlomiej"]
[Result "1/2-1/2"]
[WhiteElo "2604"]
[BlackElo "2512"]
[PlyCount "60"]
[EventDate "2025.03.15"]
[EventType "swiss"]
[EventRounds "11"]
[EventCountry "ROU"]
[SourceTitle "CB13_2025"]
[SourceDate "2025.03.26"]
[SourceVersion "1"]
[SourceVersionDate "2025.03.26"]
[SourceQuality "1"]

1. e4 e5 2. Nf3 Nc6 3. d4 exd4 4. Nxd4 Qf6 5. Nb5 Bc5 6. Qe2 Bb6 7. N1c3 Nge7 8. Be3 Ba5 9. 0-0-0 a6 10. Nd4 Bxc3 11. bxc3 Qe5 12. f3 Qa5 13. Qc4 d6 14. Kb2 Ne5 15. Qb4 N7c6 16. Qxa5 Nxa5 17. Ka1 Nec4 18. Bf2 0-0 19. g4 Bd7 20. h4 Rae8 21. Be2 f6 22. Rhg1 b5 23. Rde1 Nb6 24. Rd1 Nac4 25. Bd3 Ne5 26. Be2 Nec4 27. Bg3 Ne3 28. Rd3 Nec4 29. Rdd1 Ne3 30. Rd3 Nec4 1/2-1/2

[Event "EU-ch 25th"]
[Site "Eforie Nord"]
[Date "2025.03.16"]
[Round "2"]
[White "Ivanchuk, Vassily"]
[Black "Travadon, Loic"]
[Result "1/2-1/2"]
[WhiteElo "2604"]
[BlackElo "2433"]
[PlyCount "141"]
[EventDate "2025.03.15"]
[EventType "swiss"]
[EventRounds "11"]
[EventCountry "ROU"]
[SourceTitle "CB13_2025"]
[SourceDate "2025.03.26"]
[SourceVersion "1"]
[SourceVersionDate "2025.03.26"]
[SourceQuality "1"]

1. d4 Nf6 2. c4 e6 3. Nf3 d5 4. Nc3 c5 5. e3 a6 6. cxd5 exd5 7. b3 Nc6 8. Bb2 Bg4 9. Be2 Bxf3 10. Bxf3 cxd4 11. exd4 Bb4 12. 0-0 Bxc3 13. Qe2+ Qe7 14. Bxc3 Qxe2 15. Bxe2 Kd7 16. Bd3 Rhe8 17. f3 g6 18. g4 Re3 19. Rad1 h5 20. Kf2 Rae8 21. g5 Ng8 22. a4 R3e6 23. b4 Nge7 24. b5 axb5 25. Rb1 b4 26. Bxb4 Nxb4 27. Rxb4 Kc7 28. Rfb1 Rb8 29. Rb5 Rc6 30. a5 Rc3 31. a6 Rxd3 32. a7 Rc8 33. Rxb7+ Kd8 34. Re1 Nc6 35. Ra1 Ra8 36. Rxf7 Ke8 37. Rh7 Rxa7 38. Raxa7 Nxa7 39. Rxa7 Kf8 40. Ra4 h4 41. h3 Kf7 42. Ke2 Rb3 43. Ra6 Rb2+ 44. Ke3 Rh2 45. Rf6+ Kg7 46. Kf4 Rxh3 47. Kg4 Rh1 48. Rd6 h3 49. Rxd5 h2 50. Kg3 Kf7 51. f4 Rf1 52. Kxh2 Rxf4 53. Kg3 Rf1 54. Re5 Rd1 55. d5 Rf1 56. Kg4 Rf2 57. d6 Rd2 58. Re7+ Kf8 59. Re6 Kf7 60. Rf6+ Kg7 61. Kf4 Re2 62. Kf3 Re5 63. Kg4 Re1 64. Kf3 Re5 65. Rf4 Rd5 66. Kg3 Rxg5+ 67. Rg4 Rxg4+ 68. Kxg4 Kf6 69. d7 Ke7 70. Kg5 Kxd7 71. Kxg6 1/2-1/2

[Event "Wch Blitz"]
[Site "New York"]
[Date "2024.12.30"]
[Round "4"]
[White "Caruana, Fabiano"]
[Black "Ivanchuk, Vassily"]
[Result "1-0"]
[WhiteElo "2805"]
[BlackElo "2630"]
[PlyCount "56"]
[EventDate "2024.12.30"]
[EventType "swiss (blitz)"]
[EventRounds "13"]
[EventCountry "USA"]
[SourceTitle "CB01_2025"]
[SourceDate "2025.01.01"]
[SourceVersion "1"]
[SourceVersionDate "2025.01.01"]
[SourceQuality "1"]

1. e4 c5 2. Nf3 Nc6 3. Bb5 d6 4. 0-0 Bd7 5. Re1 a6 6. Bf1 Bg4 7. h3 Bxf3 8. Qxf3 g6 9. c3 Bh6 10. Na3 Nf6 11. Nc2 0-0 12. d4 Bxc1 13. Raxc1 cxd4 14. cxd4 e6 15. Rcd1 Rc8 16. Ne3 d5 17. e5 Nd7 18. Ng4 Qg5 19. Qg3 Kh8 20. h4 Qe7 21. a3 Na5 22. Bd3 Nc4 23. Re2 h5 24. Nh2 Kg7 25. Nf3 Rfd8 26. Qf4 Nf8 27. g4 hxg4 28. Qxg4 Nh7 1-0

[Event "Wch Blitz"]
[Site "New York"]
[Date "2024.12.30"]
[Round "8"]
[White "Hong, Andrew Z"]
[Black "Ivanchuk, Vassily"]
[Result "1/2-1/2"]
[WhiteElo "2572"]
[BlackElo "2630"]
[PlyCount "119"]
[EventDate "2024.12.30"]
[EventType "swiss (blitz)"]
[EventRounds "13"]
[EventCountry "USA"]
[SourceTitle "CB01_2025"]
[SourceDate "2025.01.01"]
[SourceVersion "1"]
[SourceVersionDate "2025.01.01"]
[SourceQuality "1"]

1. d4 d5 2. Nc3 c6 3. Bf4 Bf5 4. f3 e6 5. Qd2 Nd7 6. e4 Bg6 7. h4 h5 8. 0-0-0 Ngf6 9. Bd3 dxe4 10. fxe4 Bb4 11. e5 Nd5 12. Bxg6 Nxc3 13. Qd3 Nxd1 14. Nh3 Nxb2 15. Kxb2 Qb6 16. Ng5 0-0-0 17. Nxf7 Nc5 18. dxc5 Bc3+ 19. Kxc3 Qa5+ 20. Kb3 Rxd3+ 21. cxd3 Qb5+ 22. Kc3 Qxc5+ 23. Kb3 Rf8 24. Rc1 Qd5+ 25. Rc4 Qxg2 26. Be4 Qf1 27. Nd6+ Kb8 28. Be3 Qd1+ 29. Ka3 Qe1 30. Bc5 Qa5+ 31. Kb3 Rf1 32. a3 Rb1+ 33. Ka2 Qe1 34. Bd4 Rc1 35. Rb4 b6 36. Bb2 Rc2 37. Bf3 Qxe5 38. Nc4 Qe1 39. Bxc6 Qxh4 40. Kb3 Qf2 41. Be5+ Kc8 42. Bb5 Kd8 43. Nd6 Rd2 44. Ne4 Qe3 45. Nxd2 Qxd2 46. Rd4+ Ke7 47. Rd7+ Kf8 48. Bxg7+ Kg8 49. Bc3 Qg5 50. Rg7+ Qxg7 51. Bxg7 Kxg7 52. Kc4 Kf6 53. Bc6 Ke5 54. a4 h4 55. Bg2 a6 56. Bb7 b5+ 57. axb5 axb5+ 58. Kc3 h3 59. Be4 h2 60. Kb4 1/2-1/2

[Event "Wch Blitz"]
[Site "New York"]
[Date "2024.12.30"]
[Round "11"]
[White "Ivanchuk, Vassily"]
[Black "Naroditsky, Daniel"]
[Result "0-1"]
[WhiteElo "2630"]
[BlackElo "2619"]
[PlyCount "81"]
[EventDate "2024.12.30"]
[EventType "swiss (blitz)"]
[EventRounds "13"]
[EventCountry "USA"]
[SourceTitle "CB01_2025"]
[SourceDate "2025.01.01"]
[SourceVersion "1"]
[SourceVersionDate "2025.01.01"]
[SourceQuality "1"]

1. d4 Nf6 2. c4 g6 3. f3 Bg7 4. e4 d6 5. Be3 0-0 6. Nc3 a6 7. Bd3 Nfd7 8. Nge2 c5 9. d5 Ne5 10. a4 Nbd7 11. b3 Nxd3+ 12. Qxd3 f5 13. Rd1 b5 14. cxb5 axb5 15. axb5 Ne5 16. Qc2 fxe4 17. Nxe4 Qa5+ 18. N2c3 Nxf3+ 19. gxf3 Rxf3 20. Kd2 Bd4 21. Ra1 Bxe3+ 22. Ke2 Bg4 23. Rxa5 Rxa5 24. Kd3 Bd4+ 25. Kc4 Bf5 26. Qd2 Bxc3 27. Nxc3 e5 28. Re1 Rf4+ 29. Qxf4 exf4 30. Ne4 Bxe4 31. Rxe4 g5 32. b6 Ra8 33. Kb5 f3 34. Re1 g4 35. Kc6 h5 36. Kxd6 Rf8 37. b7 h4 38. Rg1 f2 39. Rxg4+ Kh7 40. Rxh4+ Kg6 41. Rg4+ 0-1

[Event "Wch Blitz"]
[Site "New York"]
[Date "2024.12.30"]
[Round "7"]
[White "Ivanchuk, Vassily"]
[Black "Nogerbek, Kazybek"]
[Result "1/2-1/2"]
[WhiteElo "2630"]
[BlackElo "2527"]
[PlyCount "114"]
[EventDate "2024.12.30"]
[EventType "swiss (blitz)"]
[EventRounds "13"]
[EventCountry "USA"]
[SourceTitle "CB01_2025"]
[SourceDate "2025.01.01"]
[SourceVersion "1"]
[SourceVersionDate "2025.01.01"]
[SourceQuality "1"]

1. d4 Nf6 2. c4 e6 3. Nc3 d5 4. Bf4 Bd6 5. Bg3 0-0 6. e3 Qe7 7. Bh4 dxc4 8. Bxc4 Nbd7 9. Nf3 c6 10. 0-0 h6 11. Rc1 a6 12. Bd3 c5 13. Ne4 cxd4 14. Nxd6 Qxd6 15. Nxd4 Nd5 16. Bg3 Qb6 17. Qb3 Qxb3 18. Nxb3 b6 19. e4 Nb4 20. Bb1 a5 21. Rfd1 e5 22. f3 f6 23. a3 Na6 24. Ba2 Kh8 25. Rxc8 Raxc8 26. Rxd7 Rc2 27. Nd2 Nc5 28. Rd5 Rxb2 29. Bc4 Rc8 30. Bf2 Na4 31. Bf1 Rcc2 32. Be3 Rc3 33. Nc4 Rbc2 34. Bxb6 Rxc4 35. Bxc4 Nxb6 36. Rd8+ Kh7 37. Bf7 Rc8 38. Rd6 Nc4 39. Ra6 Nxa3 40. Rxa5 Nc2 41. h4 Rc7 42. Bd5 h5 43. Ra2 Nd4 44. Rd2 g5 45. hxg5 fxg5 46. Ra2 h4 47. Kh2 Rc2 48. Ra7+ Kh6 49. Kh3 Rd2 50. Ra6+ Kg7 51. Ra7+ Kg6 52. Ra6+ Kg7 53. Ra7+ Kf6 54. Ra6+ Kg7 55. Ra7+ Kg6 56. Ra6+ Kg7 57. Ra7+ Kg6 1/2-1/2

[Event "Wch Blitz"]
[Site "New York"]
[Date "2024.12.30"]
[Round "3"]
[White "Ivanchuk, Vassily"]
[Black "Zhalmakhanov, Ramazan"]
[Result "1-0"]
[WhiteElo "2630"]
[BlackElo "2486"]
[PlyCount "77"]
[EventDate "2024.12.30"]
[EventType "swiss (blitz)"]
[EventRounds "13"]
[EventCountry "USA"]
[SourceTitle "CB01_2025"]
[SourceDate "2025.01.01"]
[SourceVersion "1"]
[SourceVersionDate "2025.01.01"]
[SourceQuality "1"]

1. d4 d5 2. c4 e6 3. Nc3 c5 4. Nf3 Nc6 5. e3 Nf6 6. a3 dxc4 7. Bxc4 a6 8. 0-0 b5 9. Bd3 Bb7 10. dxc5 Bxc5 11. b4 Bd6 12. Bb2 Ne5 13. Nxe5 Bxe5 14. f4 Bc7 15. Qe2 0-0 16. a4 bxa4 17. Nxa4 Be4 18. Bxa6 Rxa6 19. Qxa6 Qd2 20. Rf2 Qxe3 21. Bxf6 gxf6 22. Nc5 Bd5 23. Nd7 Ra8 24. Qf1 Qd4 25. Rxa8+ Bxa8 26. Nc5 Qxb4 27. Na6 Qb6 28. Nxc7 Qxc7 29. h3 Bd5 30. Qe1 Qc5 31. Kh2 f5 32. Rd2 Qc3 33. Qf2 Kg7 34. Rb2 Qc7 35. Re2 h6 36. Re3 Kh7 37. Rg3 Qd8 38. Qd4 Qf8 39. Qf6 1-0

[Event "Wch Blitz"]
[Site "New York"]
[Date "2024.12.30"]
[Round "2"]
[White "Le, Tuan Minh"]
[Black "Ivanchuk, Vassily"]
[Result "0-1"]
[WhiteElo "2598"]
[BlackElo "2630"]
[PlyCount "96"]
[EventDate "2024.12.30"]
[EventType "swiss (blitz)"]
[EventRounds "13"]
[EventCountry "USA"]
[SourceTitle "CB01_2025"]
[SourceDate "2025.01.01"]
[SourceVersion "1"]
[SourceVersionDate "2025.01.01"]
[SourceQuality "1"]

1. d4 Nf6 2. Nf3 e6 3. Bf4 b6 4. e3 Bb7 5. Bd3 Be7 6. h3 d6 7. Nbd2 Nbd7 8. Bh2 0-0 9. 0-0 Re8 10. a4 Bf8 11. a5 e5 12. dxe5 dxe5 13. Bc4 h6 14. c3 Bd6 15. Nh4 Nc5 16. a6 Bc6 17. b4 Nce4 18. Nxe4 Bxe4 19. f3 Bh7 20. Qb3 Qe7 21. e4 Rad8 22. Rae1 c6 23. b5 cxb5 24. Bxb5 Rf8 25. Bc4 Bc5+ 26. Kh1 Rd2 27. Nf5 Bxf5 28. exf5 e4 29. Bf4 Nh5 30. Bxd2 Ng3+ 31. Kh2 Qd6 32. f4 Nxf1+ 33. Rxf1 Qxd2 34. Qd1 e3 35. Qg4 Qxc3 36. Bd5 Qf6 37. Rd1 Re8 38. Bc4 Re4 39. Be2 Rd4 40. Rxd4 Qxd4 41. Qf3 b5 42. Qc6 b4 43. Kg3 b3 44. Qe8+ Bf8 45. Qb5 b2 46. Qb3 Qb4 47. Qxb4 Bxb4 48. Bd3 e2 0-1

[Event "Wch Rapid"]
[Site "New York"]
[Date "2024.12.28"]
[Round "12"]
[White "Ivanchuk, Vassily"]
[Black "Dardha, Daniel"]
[Result "1/2-1/2"]
[WhiteElo "2647"]
[BlackElo "2554"]
[PlyCount "108"]
[EventDate "2024.12.26"]
[EventType "swiss (rapid)"]
[EventRounds "13"]
[EventCountry "USA"]
[SourceTitle "CB01_2025"]
[SourceDate "2025.01.01"]
[SourceVersion "1"]
[SourceVersionDate "2025.01.01"]
[SourceQuality "1"]

1. e4 c5 2. Nf3 Nc6 3. d4 cxd4 4. Nxd4 Nf6 5. Nc3 e5 6. Ndb5 d6 7. Nd5 Nxd5 8. exd5 Nb8 9. c4 Be7 10. Bd3 0-0 11. 0-0 Nd7 12. Kh1 a6 13. Nc3 f5 14. f3 a5 15. a3 Nc5 16. Bc2 Bd7 17. Rb1 a4 18. Be3 Rc8 19. Qe2 Qa5 20. g4 Nb3 21. gxf5 Bxf5 22. Bxf5 Rxf5 23. Rg1 Qc7 24. Nxa4 Rf7 25. Rg4 Bf6 26. Nc3 Nd4 27. Bxd4 exd4 28. Nb5 Qxc4 29. Qxc4 Rxc4 30. Nxd6 Rc5 31. Nxf7 Kxf7 32. Rd1 Rxd5 33. Re4 Kg6 34. Kg2 Kf5 35. Kf1 g5 36. Ke2 Rb5 37. b4 Rb6 38. Rd3 Rc6 39. Kd1 h5 40. Re2 b5 41. Re8 Be5 42. Rf8+ Ke6 43. h3 Rc4 44. Rd8 Rc6 45. Rd2 Rc3 46. Re2 Kf6 47. Rf8+ Kg7 48. Rxe5 Kxf8 49. Rxb5 Rxf3 50. Rxg5 Rxh3 51. b5 Rxa3 52. Rxh5 Ke7 53. Rd5 Rb3 54. Rxd4 Rxb5 1/2-1/2